Tuzla International Airport destinations 2025 - Statistics

General Stats
  • This quiz has been taken 13 times
  • The average score is 11 of 16
Answer Stats
Airline Answer % Correct
Ajet Istanbul Sabiha
100%
PegasusAirlines Istanbul Sabiha
100%
WizzAir Berlin
83%
WizzAir Frankfurt Hahn
83%
WizzAir Memmingen
83%
WizzAir Paris Beauvais
83%
WizzAir Hamburg
75%
WizzAir Vienna
75%
Chair Zurich
75%
WizzAir Basel
67%
WizzAir Cologne
67%
WizzAir Dortmund
50%
WizzAir Gothenburg
50%
WizzAir Malmo
50%
WizzAir Larnaca
33%
WizzAir Maastricht
33%
No matching quizzes found
Score Distribution
Percent of People with Each Score
Percentile by Number Answered
Your Score History
You have not taken this quiz